In welcher Stadt befindet sich die U-Bahn-Station? - Statistiken

Allgemein
  • Dieses Quiz wurde 871 mal gespielt
  • Das Durchschnittsergebnis liegt bei 9 aus 16
Antwortstatistiken
Hint Antwort % Korrekt
Rådhuset Stockholm
86%
Jungfernstieg Hamburg
75%
34th Street–Penn Station New York
75%
Shibuya Tokio
73%
Wittenbergplatz Berlin
71%
Komsomolskaya Moskau
68%
Sendlinger Tor München
65%
Konstablerwache Frankfurt
62%
Chapultepec Mexiko-Stadt
61%
Fuchengmen Peking
53%
Taubstummengasse Wien
53%
Canary Wharf London
44%
Sol Madrid
44%
Buchanan Street Glasgow
40%
Franklin D. Roosevelt Paris
17%
Kit Kat Kairo
16%
Keine übereinstimmenden Quizze gefunden
Verteilung der Resultate
Anzahl Personen mit jedem Resultat
Perzentil nach korrekt beantworteten Fragen
Ihre Resultats-Entwicklung
Sie haben dieses Quiz noch nicht gespielt